000 01243cam a22003377a 4500
003 CHAP
005 20220329134352.0
008 971013s1981 r 00010 d
010 _a19460
011 _a20432
035 _a24520
040 _cCHAP
082 _a543.3
_bA5 1981
110 _aAmerican Public Health Association
_95271
245 0 _aStandard methods for the examination of water and waste water
250 _a15 ed,.
260 _aWashington :
_bAmerican Public Health Association,
_c1981
300 _a1134 p.
_b: ilus
500 _aSup. Selected analytical methods approved and cited by the United States Environmental Protection Agency (s.l.) 1981. 106 p.
590 _aBATCH-UPD
_b10
_c20130110
_lUCH01
_h1239
590 _aBATCH-UPD
_b10
_c20130410
_lUCH01
_h0806
590 _aBATCH-UPD
_b10
_c20130913
_lUCH01
_h2241
590 _aCONVERSION
_b10
_c20130109
_lUCH01
_h1312
650 1 4 _aAgua
_xAnĂ¡lisis.
_92280
650 1 4 _aAguas residuales
_xAnalisis.
_92584
710 0 _aAmerican Water Works Association.
_95313
901 _aBK
942 _cLIBRO
949 _a543.3 A5 1981
_bBC
_cLIBRO
_d33724000391454
_eLIBRO
_h56272
_i24520
_si
949 _a543.3 A5 1981
_bBC
_cLIBRO
_d33724000391678
_eLIBRO
_fSup.
_h56441
_i24520
_si
999 _c19460
_d19460